LIBRARY & INFORMATION CENTRE, KCAET, TAVANUR

ONLINE PUBLIC ACCESS CATALOGUE (OPAC)

Engineering graphics: Unique methods, easy solutions (Record no. 14042)

MARC details
000 -LEADER
fixed length control field 00335nam a22001337a 4500
020 ## - INTERNATIONAL STANDARD BOOK NUMBER
ISBN 9788190356736
082 ## - DEWEY DECIMAL CLASSIFICATION NUMBER
Classification number 604.2
Item number ANI/EN
100 ## - MAIN ENTRY--AUTHOR NAME
Personal name Anilkumar, K.N
245 ## - TITLE STATEMENT
Title Engineering graphics: Unique methods, easy solutions
250 ## - EDITION STATEMENT
Edition statement 7th ed
260 ## - PUBLICATION, DISTRIBUTION, ETC. (IMPRINT)
Place of publication Kottayam
Name of publisher Adhyuth Narayan Publishers
Year of publication 2012
300 ## - PHYSICAL DESCRIPTION
Accompanying material CD
942 ## - ADDED ENTRY ELEMENTS (KOHA)
Koha item type Books
Holdings
Withdrawn status Lost status Damaged status Collection code Home library Current library Shelving location Date acquired Source of acquisition Cost, normal purchase price Full call number Accession Number Koha item type
      Non-fiction KAUAET KAUAET General Stacks 30/03/2013 Aman Book Stall, Calicut 380.00 604.2 ANI/EN 24021 Books
      Non-fiction KAUAET KAUAET General Stacks 30/03/2013 Aman Book Stall, Calicut 380.00 604.2 ANI/EN 24020 Books
free website counter